000 00784nam a22003017a 4500
001 BR2010001426
003 BR-BrBNA
005 20230928103226.0
007 ta
008 230509b bl.||||| |||| 00| 0 por d
040 _aBR-BrBNA
_bpor
_cBiblioteca Nacional de Agricultura
041 _a(Por)
072 _aT01
090 _ T01 BR2010001426
100 1 _aPinheiro, S.
100 1 _aNasr, N.Y.
100 1 _aLuz, D.
245 1 _aA agricultura ecológica e a máfia dos agrotóxicos no Brasil
260 3 _aRio de Janeiro, RJ (Brasil):
_c1998.
300 _a355 p.
650 _aAGROTÓXICO
650 _aPOLUIÇÃO AMBIENTAL
650 _aTOXIDEZ
650 _aDEFENSIVO
650 _aIMPACTO AMBIENTAL
909 _a202309
_bLucia
_c55
_dLucia Elande
942 _cBK
999 _c74207
_d74207